<?xml version="1.0" encoding="UTF-8"?>
<record
    xmlns:xsi="http://www.w3.org/2001/XMLSchema-instance"
    xsi:schemaLocation="http://www.loc.gov/MARC21/slim http://www.loc.gov/standards/marcxml/schema/MARC21slim.xsd"
    xmlns="http://www.loc.gov/MARC21/slim">

  <leader>01418nam2a2200301   4500</leader>
  <controlfield tag="001">RU\NLR\bibl\1031241</controlfield>
  <controlfield tag="005">20260405112526.0</controlfield>
  <datafield tag="010" ind1=" " ind2=" ">
    <subfield code="a">5-93776-059-X</subfield>
    <subfield code="b">&#x442;. 48/2</subfield>
    <subfield code="9">4500</subfield>
  </datafield>
  <datafield tag="021" ind1=" " ind2=" ">
    <subfield code="a">RU</subfield>
    <subfield code="b">2006-74296</subfield>
    <subfield code="9">3757</subfield>
  </datafield>
  <datafield tag="035" ind1=" " ind2=" ">
    <subfield code="a">(NLR Aleph) 001018706</subfield>
  </datafield>
  <datafield tag="090" ind1=" " ind2=" ">
    <subfield code="a">684600</subfield>
    <subfield code="c">684600</subfield>
  </datafield>
  <datafield tag="100" ind1=" " ind2=" ">
    <subfield code="a">20070116d2006    |||y0rusy50      ca</subfield>
  </datafield>
  <datafield tag="101" ind1="1" ind2=" ">
    <subfield code="a">rus</subfield>
    <subfield code="c">eng</subfield>
  </datafield>
  <datafield tag="102" ind1=" " ind2=" ">
    <subfield code="a">RU</subfield>
  </datafield>
  <datafield tag="105" ind1=" " ind2=" ">
    <subfield code="a">y   |||||||||</subfield>
  </datafield>
  <datafield tag="200" ind1="1" ind2=" ">
    <subfield code="a">&#x41F;&#x430;&#x434;&#x430;&#x44E;&#x449;&#x430;&#x44F; &#x437;&#x432;&#x435;&#x437;&#x434;&#x430;</subfield>
    <subfield code="e">&#x440;&#x43E;&#x43C;&#x430;&#x43D;</subfield>
    <subfield code="a">&#x414;&#x436;&#x43E;&#x43D;&#x43D;&#x438; &#x43F;&#x43E;&#x434; &#x437;&#x435;&#x43C;&#x43B;&#x435;&#x439;</subfield>
    <subfield code="e">&#x440;&#x43E;&#x43C;&#x430;&#x43D;</subfield>
    <subfield code="a">&#x412;&#x440;&#x435;&#x43C;&#x44F; &#x441;&#x43D;&#x435;&#x433;&#x430; &#x438; &#x433;&#x440;&#x435;&#x445;&#x43E;&#x432;</subfield>
    <subfield code="e">&#x440;&#x43E;&#x43C;&#x430;&#x43D;</subfield>
  </datafield>
  <datafield tag="210" ind1=" " ind2=" ">
    <subfield code="d">2006</subfield>
    <subfield code="a">&#x411;. &#x43C;.</subfield>
  </datafield>
  <datafield tag="215" ind1=" " ind2=" ">
    <subfield code="a">635,[3] &#x441;.</subfield>
  </datafield>
  <datafield tag="225" ind1="1" ind2=" ">
    <subfield code="a">&#x414;&#x435;&#x442;&#x435;&#x43A;&#x442;&#x438;&#x432;&#x43D;&#x44B;&#x439; &#x41A;&#x43B;&#x443;&#x431; &#x410;&#x433;&#x430;&#x442;&#x44B; &#x41A;&#x440;&#x438;&#x441;&#x442;&#x438;</subfield>
    <subfield code="i">&#x41F;&#x430;&#x442;&#x440;&#x438;&#x446;&#x438;&#x44F; &#x41C;&#x43E;&#x439;&#x437;</subfield>
  </datafield>
  <datafield tag="300" ind1=" " ind2=" ">
    <subfield code="a">&#x41D;&#x430; &#x43E;&#x431;&#x43E;&#x440;&#x43E;&#x442;&#x435; &#x442;&#x438;&#x442;.&#x43B;. &#x43F;&#x440;&#x435;&#x434;&#x43F;&#x43E;&#x43B;&#x430;&#x433;&#x430;&#x435;&#x43C;&#x44B;&#x439; &#x430;&#x432;&#x442;.: Patricia Moyes, 1923</subfield>
  </datafield>
  <datafield tag="461" ind1=" " ind2="0">
    <subfield code="1">001RU\NLR\bibl\117513</subfield>
    <subfield code="1">2001#$a&#x421;&#x43E;&#x431;&#x440;&#x430;&#x43D;&#x438;&#x435; &#x441;&#x43E;&#x447;&#x438;&#x43D;&#x435;&#x43D;&#x438;&#x439;$v&#x422;. 48</subfield>
    <subfield code="9">653890</subfield>
    <subfield code="a">&#x41A;&#x440;&#x438;&#x441;&#x442;&#x438;, &#x410;. (1890-1976)</subfield>
    <subfield code="c">&#x41C;.</subfield>
    <subfield code="d">2000</subfield>
    <subfield code="f">&#x410;&#x433;&#x430;&#x442;&#x430; &#x41A;&#x440;&#x438;&#x441;&#x442;&#x438;</subfield>
    <subfield code="n">&#x410;&#x440;&#x442;&#x438;&#x43A;&#x443;&#x43B;-&#x43F;&#x440;&#x438;&#x43D;&#x442;</subfield>
    <subfield code="o">[&#x41A; 100-&#x43B;&#x435;&#x442;&#x438;&#x44E; &#x441;&#x43E; &#x434;&#x43D;&#x44F; &#x440;&#x43E;&#x436;&#x434;&#x435;&#x43D;&#x438;&#x44F;] : &#x41F;&#x435;&#x440;. &#x441; &#x430;&#x43D;&#x433;&#x43B;.</subfield>
    <subfield code="t">&#x421;&#x43E;&#x431;&#x440;&#x430;&#x43D;&#x438;&#x435; &#x441;&#x43E;&#x447;&#x438;&#x43D;&#x435;&#x43D;&#x438;&#x439;</subfield>
    <subfield code="y">5-93776-001-8</subfield>
    <subfield code="v">&#x422;. 48</subfield>
  </datafield>
  <datafield tag="686" ind1=" " ind2=" ">
    <subfield code="a">&#x428;6(4&#x412;&#x43B;)67-446(&#x41C;&#x43E;&#x439;&#x437;){&#x41B;&#x445;1299-60(&#x41C;&#x43E;&#x439;&#x437;)}</subfield>
  </datafield>
  <datafield tag="702" ind1=" " ind2="1">
    <subfield code="4">330</subfield>
    <subfield code="8">rus</subfield>
    <subfield code="7">ca</subfield>
    <subfield code="a">&#x41C;&#x43E;&#x439;&#x437;</subfield>
    <subfield code="b">&#x41F;.</subfield>
    <subfield code="f">1923-2000</subfield>
    <subfield code="g">&#x41F;&#x430;&#x442;&#x440;&#x438;&#x446;&#x438;&#x44F;</subfield>
    <subfield code="3">RU\NLR\auth\7743357</subfield>
    <subfield code="9">26300</subfield>
  </datafield>
  <datafield tag="801" ind1=" " ind2="0">
    <subfield code="a">RU</subfield>
    <subfield code="b">NLR</subfield>
    <subfield code="c">20070116</subfield>
    <subfield code="g">RCR</subfield>
  </datafield>
  <datafield tag="801" ind1=" " ind2="1">
    <subfield code="a">RU</subfield>
    <subfield code="b">NLR</subfield>
    <subfield code="c">20070116</subfield>
  </datafield>
  <datafield tag="942" ind1=" " ind2=" ">
    <subfield code="c">BOOK</subfield>
  </datafield>
  <datafield tag="980" ind1=" " ind2=" ">
    <subfield code="a">NB</subfield>
  </datafield>
  <datafield tag="995" ind1=" " ind2=" ">
    <subfield code="5">2007-01-16</subfield>
    <subfield code="a">ad</subfield>
    <subfield code="b">NLR01</subfield>
    <subfield code="c">NLR01</subfield>
    <subfield code="e">RF8</subfield>
    <subfield code="f">1-3140564</subfield>
    <subfield code="k">2000-3/13240</subfield>
    <subfield code="o">0</subfield>
    <subfield code="r">BOOK</subfield>
    <subfield code="s">2000313240_</subfield>
  </datafield>
  <datafield tag="995" ind1=" " ind2=" ">
    <subfield code="5">2007-01-16</subfield>
    <subfield code="a">ad</subfield>
    <subfield code="b">NLR01</subfield>
    <subfield code="c">NLR01</subfield>
    <subfield code="e">RF8</subfield>
    <subfield code="f">2339222</subfield>
    <subfield code="k">2000-3/13240</subfield>
    <subfield code="o">0</subfield>
    <subfield code="r">BOOK</subfield>
    <subfield code="s">2000313240_</subfield>
  </datafield>
</record>
